Anuario de estudios centroamericanos
| Corporate Authors: | , |
|---|---|
| Format: | Electronic Serial |
| Language: | Spanish English |
| Published: |
San José :
Universidad de Costa Rica, Instituto de Investigaciones Sociales
1974-
San José : Universidad de Costa Rica, Departamento de Publicaciones, |
| Subjects: | |
| Online Access: | Full text available from PRISMA Database with HAPI Index: 01/01/2000 to 12/31/2006 Full text available from PRISMA Database with HAPI Index: 01/01/2011 to 01/31/2016 |
MARC
| LEADER | 00000nas a2200000 a 4500 | ||
|---|---|---|---|
| 001 | ssj0025353 | ||
| 003 | WaSeSS | ||
| 005 | 20200512172242.0 | ||
| 006 | m d | ||
| 007 | cr n | ||
| 008 | 050615c19749999cr ar s o 0 0spa c | ||
| 010 | |a 2010235350 | ||
| 022 | |l 0377-7316 |y 0377-7316 | ||
| 035 | |a (WaSeSS)ssj0025353 | ||
| 040 | |a OCLCS |b eng |e pn |c OCLCS |d TXJ |d OCLCE |d OCLCQ |d EYM |d HUL |d OCLCQ |d OCL |d OCLCQ |d OCLCF |d IXA |d CUD |d OCLCQ |d GILDS |d OCLCO |d AU@ |d OCLCO |d OCL |d WaSeSS | ||
| 041 | 0 | |a spa |a eng | |
| 042 | |a pcc |a dlr | ||
| 043 | |a nc----- | ||
| 072 | 0 | |a X800 | |
| 072 | 0 | |a A000 | |
| 245 | 0 | 0 | |a Anuario de estudios centroamericanos |h [electronic resource]. |
| 260 | |3 1978- : |a San José : |b Universidad de Costa Rica, Instituto de Investigaciones Sociales | ||
| 260 | 3 | |3 1974-1977 : |a San José : |b Universidad de Costa Rica, Departamento de Publicaciones, |c 1974- | |
| 310 | |a Annual, |b 2006- | ||
| 321 | |a Annual, |b 1974-1985 | ||
| 321 | |a Semiannual, |b 1986-2005 | ||
| 362 | 1 | |a Print began with no. 1 (1974). | |
| 506 | |a License restrictions may limit access. | ||
| 515 | |a Issued in 2 fascicles a year <1988->, frequently combined. | ||
| 515 | |a Switches from "No." enumeration to "Vol." enumeration with Vol. 9 (1983). | ||
| 538 | |a Master and use copy. Digital master created according to Benchmark for Faithful Digital Reproductions of Monographs and Serials, Version 1. Digital Library Federation, December 2002. |u http://purl.oclc.org/DLF/benchrepro0212 |5 MiAaHDL | ||
| 546 | |a Chiefly in Spanish; some English. | ||
| 550 | |a "Organo del Instituto de Estudios Centroamericanos," <-1991> | ||
| 583 | 1 | |a digitized |c 2010 |h HathiTrust Digital Library |l committed to preserve |5 MiAaHDL |2 pda | |
| 588 | |a Description based on No. 1 (1974); title from title page (JSTOR, viewed Nov. 10, 2010). | ||
| 588 | |a Latest issue consulted: Vol. 35/36 (2009-2010) (JSTOR, viewed May 23, 2014). | ||
| 650 | 1 | 7 | |a Sociaal-economische ontwikkeling. |2 gtt |
| 650 | 7 | |a Länderforschung. |2 stw | |
| 650 | 7 | |a Sozialwissenschaft. |2 stw | |
| 650 | 7 | |a Mittelamerika. |2 stw | |
| 651 | 0 | |a Central America |v Periodicals. | |
| 651 | 7 | |a Central America. |2 fast |0 (OCoLC)fst01244535 | |
| 651 | 7 | |a AMERICA CENTRAL |x CONDICIONES ECONOMICAS |x PUBLICACIONES PERIODICAS. |2 renib | |
| 651 | 7 | |a AMERICA CENTRAL |x CONDICIONES SOCIALES |x PUBLICACIONES PERIODICAS. |2 renib | |
| 655 | 0 | |a Electronic journals. | |
| 710 | 2 | |a Universidad de Costa Rica. |b Instituto de Estudios Centroamericanos. | |
| 710 | 2 | |a Universidad de Costa Rica. |b Instituto de Investigaciones Sociales. | |
| 776 | 0 | 8 | |i Print version: |t Anuario de estudios centroamericanos |x 0377-7316 |w (DLC) 75643140 |w (OCoLC)2353803 |
| 856 | 4 | 0 | |z Full text available from PRISMA Database with HAPI Index: 01/01/2000 to 12/31/2006 |u https://search.proquest.com/publication/13487 |
| 856 | 4 | 0 | |z Full text available from PRISMA Database with HAPI Index: 01/01/2011 to 01/31/2016 |u https://search.proquest.com/publication/13487 |